Justicia política: fundamentos para una filosofía crítica del Derecho y del Estado

Furkejuvvon:
Bibliográfalaš dieđut
Váldodahkki: Höffe, Otfried (Dahkki)
Materiálatiipa: Girji
Giella:espánnjágiella
Almmustuhtton: Barcelona Paidós 2003
Preanttus:1a. ed
Ráidu:Pensamiento Contemporáneo, 69
Fáttát:
Fáddágilkorat: Lasit fáddágilkoriid
Eai fáddágilkorat, Lasit vuosttaš fáddágilkora!

MARC

LEADER 00000cam a2200000 a 4500
001 UCD8802
003 CL-VaPUC
008 170527e20030000sp |||||||||||||||||spa|d
020 |a 8449313090 
082 0 4 |a 340.1  |b HOF  |2 21 
100 |a Höffe, Otfried  |e author  |9 583027 
245 1 0 |a Justicia política: fundamentos para una filosofía crítica del Derecho y del Estado 
250 |a 1a. ed 
300 |a 229 p 
942 |c BK 
945 |d 20170527 00:32:00  |a dcastane 
260 |a Barcelona  |b Paidós  |c 2003 
650 0 |a Filosofía del derecho   |9 255050 
650 7 |a POLITICA Y ESTADO  |2 CL-VaPUC  |9 592319 
583 |a last modification  |c 20170527 00:32:00  |k Rodrigo Vera 
490 0 |a Pensamiento Contemporáneo, 69 
999 |c 368110  |d 368108 
952 |0 0  |1 0  |3 erb  |4 0  |6 340_100000000000000_HOF_2003  |7 0  |8 A  |9 483369  |a BIBEDU  |b BIBEDU  |i 5377684  |l 1  |o 340.1 HOF 2003  |p 5377684  |r 2024-04-05  |s 2024-03-26  |w 2019-11-24  |y BK  |z Catalogado en:20170527  |k FIL